NLSUI OPAC header image

Neocolonial identity and counter-consciousness : (Record no. 13567)

MARC details
000 -LEADER
fixed length control field 00963cam a2200289 a 4500
001 - CONTROL NUMBER
control field 4275165
005 - DATE AND TIME OF LATEST TRANSACTION
control field 20260212113952.0
008 - FIXED-LENGTH DATA ELEMENTS--GENERAL INFORMATION
fixed length control field 841005s1978 enk b 000 0 eng c
020 ## - INTERNATIONAL STANDARD BOOK NUMBER
International Standard Book Number 0850362202 (pbK)
020 ## - INTERNATIONAL STANDARD BOOK NUMBER
International Standard Book Number 0850362210
020 ## - INTERNATIONAL STANDARD BOOK NUMBER
International Standard Book Number 9780850362206
020 ## - INTERNATIONAL STANDARD BOOK NUMBER
International Standard Book Number 9780850362213
035 ## - SYSTEM CONTROL NUMBER
System control number 4275165
082 ## - DEWEY DECIMAL CLASSIFICATION NUMBER
Classification number 306 CON
100 1# - MAIN ENTRY--PERSONAL NAME
Personal name Constantino, Renato.
245 10 - TITLE STATEMENT
Title Neocolonial identity and counter-consciousness :
Remainder of title essays on cultural deconization /
Statement of responsibility, etc. by Renato Constantino ; edited with an introduction by István Mészáros.
260 ## - PUBLICATION, DISTRIBUTION, ETC.
Place of publication, distribution, etc. London :
Name of publisher, distributor, etc. Merlin Press,
Date of publication, distribution, etc. 1978.
300 ## - PHYSICAL DESCRIPTION
Extent 307 p. ;
Dimensions 23 cm.
440 #0 - SERIES STATEMENT/ADDED ENTRY--TITLE
Title International library of social and political thought
504 ## - BIBLIOGRAPHY, ETC. NOTE
Bibliography, etc. note Bibliography: p. 82-92
650 #0 - SUBJECT ADDED ENTRY--TOPICAL TERM
Topical term or geographic name entry element Nationalism
Geographic subdivision Philippines.
650 #0 - SUBJECT ADDED ENTRY--TOPICAL TERM
Topical term or geographic name entry element National characteristics, Philippine.
650 #0 - SUBJECT ADDED ENTRY--TOPICAL TERM
Topical term or geographic name entry element Imperialism.
651 #0 - SUBJECT ADDED ENTRY--GEOGRAPHIC NAME
Geographic name Philippines
General subdivision Civilization.
700 1# - ADDED ENTRY--PERSONAL NAME
Personal name Mészáros, István,
Dates associated with a name 1930-
942 ## - ADDED ENTRY ELEMENTS (KOHA)
Source of classification or shelving scheme Dewey Decimal Classification
Koha item type BOOKs
Holdings
Withdrawn status Lost status Damaged status Not for loan Home library Current library Shelving location Date acquired Cost, normal purchase price Total Checkouts Total Renewals Full call number Barcode Date last seen Date last checked out Price effective from Koha item type
        . .   30.05.2017 300.00 1 1 306 CON 13909 10.09.2022 18.07.2022 30.05.2017 BOOKs